000 00572nam a2200193Ia 4500
005 20250326144906.0
008 250326s9999 xx 000 0 und d
020 _a81-7446-087x
037 _aTextbook
040 _aFMSL
_beng
_cFMSL
041 _aeng
_2eng
084 _aX:89Q8.1 N8
_qFMSL
100 _aPlenert G
_9750276
245 0 _aWorld class manager: olympic quality performance in the new global economy
_cPlenert G
260 _aNew Delhi
_bNew Delhi, Excel
_c1998
300 _a430p
942 _cTB
_hX:89Q8.1 N8
999 _c1305500
_d1305500